| 000 | 00854nam a22002297a 4500 | ||
|---|---|---|---|
| 005 | 20100805115058.0 | ||
| 010 | _aENG-98273 | ||
| 020 | _c280.00 | ||
| 035 | _aEN-81806 | ||
| 037 | _bDBAD/PUB | ||
| 082 | _a610.9515 | ||
| 245 |
_aA heap of jewels of oral radiation : _bkha-'thor rin-chin phun po of gyu-thog yon-tan mgon po / _cedited by Archana Ray |
||
| 260 |
_aKolkata _bThe Asiatic Society _c2009 |
||
| 270 |
_a1 Park Street _bKolkata _e700016 |
||
| 300 |
_axii,115p. _c21cm (Hb) |
||
| 500 | _aIncludes bibliographial references and index | ||
| 650 |
_aMedical, Preventive _96574 |
||
| 650 |
_aDiagnosis _96575 |
||
| 700 |
_aRay, Archana _96576 |
||
| 942 |
_2ddc _cEN _h610.9515 _mHEA |
||
| 999 |
_c39381 _d39381 |
||